| Поле | Инд. | ПП | Название | Значение |
|---|---|---|---|---|
| Тип записи | a | |||
| Библиографический уровень | m | |||
| 001 | Контрольный номер | d5c448e0ebe24262a3a70ac7570a73d3 | ||
| 005 | Дата корректировки | 20231024133243.3 | ||
| 008 | Кодируемые данные | 231024s1981 ru |||||||||||000|||rus|d | ||
| 040 | a | Служба первич. каталог. | ЦГБ г. В. Луки | |
| b | Код языка каталог. | rus | ||
| 041 | 0_ | a | Код языка текста | rus |
| 084 | 2 | Источник индекса | rubbk | |
| a | Индекс другой классификации/Индекс ББК | 65.9(2) | ||
| 090 | x | Авторский знак | Т 76 | |
| j | Имя библиотеки | ЦГБ г. В. Луки | ||
| 097 | b | Оператор | САВ-р | |
| 100 | 1_ | a | Автор | Трошин А. И. |
| 245 | 10 | a | Заглавие | Советская экономика сегодня и завтра |
| c | Ответственность | А. И. Трошин | ||
| 260 | a | Место издания | Москва | |
| b | Издательство | Молодая гвардия | ||
| c | Дата издания | 1981 | ||
| 300 | a | Объем | 208 с. | |
| 490 | 00 | a | Заглавие серии | Университет молодого марксиста |
| 650 | 14 | a | Основная рубрика | Экономика |
| 653 | 1_ | a | Ключевые слова | экономика |
| 901 | t | Тип документа | m |